[Event "N�-LL 2009/10"]
[Site "?"]
[Date "2009.10.25"]
[Round "3"]
[White "Csonka, Attila"]
[Black "Mahdy, Khaled"]
[Result "1/2-1/2"]
[WhiteElo "2292"]
[BlackElo "2376"]
[Annotator "Krems : Schwarzatal"]
[PlyCount "81"]
[EventDate "2009.11.04"]
[SourceDate "2009.11.07"]

1. e4 c6 2. d4 d5 3. Nc3 g6 4. e5 Bg7 5. Bd3 Na6 6. Nge2 Nb4 7. Nf4 Nxd3+ 8.
Qxd3 f6 9. Qe2 fxe5 10. dxe5 Qc7 11. Nd3 Bf5 12. Bf4 Nh6 13. O-O Bxd3 14. cxd3
O-O 15. Qd2 Nf5 16. d4 e6 17. Rac1 Qf7 18. Ne2 h6 19. Rc3 g5 20. Be3 Qg6 21. b4
Rf7 22. a4 Bf8 23. Rb3 Rc8 24. Rc1 Rfc7 25. Ng3 Nxe3 26. Rxe3 Be7 27. Ne2 b6
28. Qb2 c5 29. Rec3 c4 30. Rg3 Rf8 31. Qb1 Qxb1 32. Rxb1 Bd8 33. Rc3 a6 34. f3
Rcf7 35. h3 Kh7 36. Kf2 h5 37. Ke3 Kg6 38. Rbc1 Be7 39. Rb1 Kh6 40. Rb2 Bd8 41.
Rb1 1/2-1/2

[Event "N�-LL 2009/10"]
[Site "?"]
[Date "2009.10.25"]
[Round "3"]
[White "Winiwarter, Felix"]
[Black "Roth, Peter"]
[Result "0-1"]
[WhiteElo "2195"]
[BlackElo "2219"]
[Annotator "Krems : Schwarzatal"]
[PlyCount "67"]
[EventDate "2009.11.04"]
[SourceDate "2009.11.07"]

1. e4 e6 2. d4 d5 3. e5 c5 4. c3 Nc6 5. Nf3 Nh6 6. Bd3 Qb6 7. O-O Bd7 8. dxc5
Bxc5 9. Bxh6 gxh6 10. b4 Bf8 11. b5 Ne7 12. Nbd2 Bg7 13. Re1 O-O 14. Qc2 Ng6
15. Rab1 Rac8 16. Rb4 Qc5 17. Rb3 f5 18. Qb2 Qe7 19. c4 dxc4 20. Bxc4 Rc5 21.
Bf1 b6 22. a4 Rfc8 23. a5 Rc2 24. Qd4 R8c5 25. axb6 axb6 26. Qa4 Nxe5 27. Nxe5
Rxe5 28. Rxe5 Bxe5 29. Nc4 Qc5 30. Re3 f4 31. Qxc2 fxe3 32. Nxe3 Qxc2 33. Nxc2
Kf7 34. g3 {Rest nicht lesbar. 0:1 im 50. Zug} 0-1

[Event "N�-LL 2009/10"]
[Site "?"]
[Date "2009.10.25"]
[Round "3"]
[White "Weinwurm, Wolfgang"]
[Black "W�ber, Friedrich"]
[Result "1/2-1/2"]
[WhiteElo "2125"]
[BlackElo "2158"]
[Annotator "Krems : Schwarzatal"]
[PlyCount "38"]
[EventDate "2009.11.04"]
[SourceDate "2009.11.07"]

1. e4 e6 2. d4 d5 3. Nc3 Nc6 4. e5 f6 5. exf6 Nxf6 6. Nf3 Bd6 7. Bb5 O-O 8. O-O
Bd7 9. Re1 Qe8 10. Ne2 Ne4 11. Ng3 Nxg3 12. hxg3 Qh5 13. c3 Rae8 14. Be3 h6 15.
Be2 Qf7 16. Bd3 e5 17. dxe5 Nxe5 18. Nxe5 Rxe5 19. Qd2 b6 1/2-1/2

[Event "N�-LL 2009/10"]
[Site "?"]
[Date "2009.10.25"]
[Round "3"]
[White "J�nger, Heinz"]
[Black "Matevosyan, Andy"]
[Result "1-0"]
[WhiteElo "2094"]
[BlackElo "2182"]
[Annotator "Krems : Schwarzatal"]
[PlyCount "78"]
[EventDate "2009.11.04"]
[SourceDate "2009.11.07"]

1. e4 c5 2. Nf3 Nc6 3. d4 cxd4 4. Nxd4 Nf6 5. Nc3 d6 6. Bg5 e6 7. Qd2 Be7 8.
O-O-O a6 9. f4 Qa5 10. Bxf6 gxf6 11. f5 Bd7 12. Kb1 O-O-O 13. g3 Kb8 14. Bh3
Nxd4 15. Qxd4 Rhf8 16. Rhf1 Rfe8 17. Rf3 Rc8 18. Qe3 Qe5 19. fxe6 fxe6 20. Qf4
Qh5 21. Qg4 Qh6 22. Qh4 Qg6 23. Qg4 f5 24. exf5 exf5 25. Qf4 Rc5 26. Nd5 Bg5
27. Qd4 Qh5 28. Nb6 Qxf3 29. Nxd7+ Ka8 30. Nxc5 dxc5 31. Qg1 f4 32. Rf1 Qe3 33.
gxf4 Bxf4 34. Qxe3 Rxe3 35. Bf5 h6 36. h3 c4 37. a3 c3 38. Rxf4 Kb8 39. bxc3
Kc7 1-0

[Event "N�-LL 2009/10"]
[Site "?"]
[Date "2009.10.25"]
[Round "3"]
[White "Fr�wis, Georg"]
[Black "Vyskocil, Neklan"]
[Result "0-1"]
[WhiteElo "2216"]
[BlackElo "2357"]
[Annotator "Zwettl : Bisamberg/Korneuburg"]
[PlyCount "94"]
[EventDate "2009.11.04"]
[SourceDate "2009.11.07"]

1. e4 c5 2. Nf3 d6 3. d4 cxd4 4. Nxd4 Nf6 5. Nc3 a6 6. Be3 e5 7. Nb3 Be7 8. f3
Be6 9. Qd2 O-O 10. O-O-O Nbd7 11. g4 b5 12. g5 b4 13. Ne2 Ne8 14. f4 a5 15. f5
a4 16. Nbd4 exd4 17. Nxd4 b3 18. Kb1 bxc2+ 19. Nxc2 Bb3 20. axb3 axb3 21. Na3
Ne5 22. h4 Ra4 23. Qg2 Kh8 24. h5 Qa8 25. Bd4 Nc6 26. Bc3 Ne5 27. Bd4 Nc6 28.
Bc3 Ne5 29. Rd4 Rxd4 30. Bxd4 Bxg5 31. Rh3 h6 32. Rxb3 Qa4 33. Bxe5 Qxb3 34.
Bc3 Bf6 35. Qc2 Qb7 36. Bd3 Bxc3 37. Qxc3 Nf6 38. Qd4 Re8 39. Nc4 Nxe4 40. f6
Nxf6 41. Nxd6 Re1+ 42. Ka2 Qa8+ 43. Kb3 Re7 44. Bc4 Kg8 45. Kc2 Qg2+ 46. Kb1
Ne4 47. Nxe4 Qxe4+ 0-1

[Event "N�-LL 2009/10"]
[Site "?"]
[Date "2009.10.25"]
[Round "3"]
[White "Vykydal, Frantisek"]
[Black "Reinwald, Patrick"]
[Result "1-0"]
[WhiteElo "2213"]
[BlackElo "2096"]
[Annotator "Zwettl : Bisamberg/Korneuburg"]
[PlyCount "73"]
[EventDate "2009.11.04"]
[SourceDate "2009.11.09"]

1. e4 e5 2. Nf3 Nc6 3. Bb5 Nf6 4. Bxc6 dxc6 5. d3 Bd6 6. Nbd2 O-O 7. Nc4 Qe7 8.
O-O h6 9. b3 b5 10. Ne3 Bd7 11. a4 Ng4 12. Nxg4 Bxg4 13. h3 Bd7 14. Bb2 Rfb8
15. d4 f6 16. dxe5 fxe5 17. axb5 Rxb5 18. Ra6 Bc8 19. Rxc6 Bb7 20. Rc4 a5 21.
Qa1 Rf8 22. Qd1 Rf4 23. Re1 Bb4 24. Re2 Rxf3 25. gxf3 Qg5+ 26. Kf1 Qh4 27. Re3
Qxh3+ 28. Ke2 Ba6 29. Rxc7 Rd5+ 30. Rd3 Bxd3+ 31. cxd3 Rb5 32. Qc2 Qh1 33. Bc3
Qh5 34. Bxb4 Rxb4 35. Ra7 Qe8 36. Qc7 Qg6 37. Rb7 1-0

[Event "N�-LL 2009/10"]
[Site "?"]
[Date "2009.10.25"]
[Round "3"]
[White "Trkulja, Zoran"]
[Black "Mlynek, Petr"]
[Result "1-0"]
[WhiteElo "2184"]
[BlackElo "2189"]
[Annotator "Zwettl : Bisamberg/Korneuburg"]
[PlyCount "35"]
[EventDate "2009.11.04"]
[SourceDate "2009.11.09"]

1. d4 d5 2. c4 c6 3. Nc3 e6 4. e4 dxe4 5. Nxe4 Bb4+ 6. Bd2 Qxd4 7. Bxb4 Qxe4+
8. Be2 Na6 9. Bc3 f6 10. Nf3 Ne7 11. O-O O-O 12. Re1 e5 13. b4 Bf5 14. Qb3 Rfd8
15. c5+ Nd5 16. Bxa6 Qc2 17. Qxc2 Bxc2 18. Bc4 1-0

[Event "N�-LL 2009/10"]
[Site "?"]
[Date "2009.10.25"]
[Round "3"]
[White "Zwettler, Martin"]
[Black "Pammer, Andreas"]
[Result "1/2-1/2"]
[WhiteElo "2130"]
[BlackElo "2111"]
[Annotator "Zwettl : Bisamberg/Korneuburg"]
[PlyCount "26"]
[EventDate "2009.11.04"]
[SourceDate "2009.11.09"]

1. d4 Nf6 2. Nf3 g6 3. Nc3 d5 4. Bf4 Bg7 5. Qd2 O-O 6. Bh6 Ne4 7. Nxe4 dxe4 8.
Bxg7 Kxg7 9. Ng5 Qd5 10. c4 Qxc4 11. Nxe4 Nc6 12. e3 Qb4 13. Rc1 Bf5 1/2-1/2

[Event "N�-LL 2009/10"]
[Site "?"]
[Date "2009.11.08"]
[Round "4"]
[White "Rumpl, Erwin"]
[Black "Matevosyan, Andy"]
[Result "1-0"]
[WhiteElo "2304"]
[BlackElo "2182"]
[Annotator "Schwarzatal : Amstetten"]
[PlyCount "67"]
[EventDate "2009.11.04"]
[SourceDate "2009.11.09"]

1. d4 Nf6 2. Nf3 d6 3. g3 Nbd7 4. Bg2 g6 5. b3 Bg7 6. Bb2 O-O 7. O-O Re8 8.
Nbd2 e5 9. dxe5 Nxe5 10. Nxe5 dxe5 11. Nc4 Qxd1 12. Rfxd1 Nd7 13. Rd2 Nb6 14.
Na5 Rb8 15. Rad1 Bf6 16. c4 Bg5 17. e3 Bg4 18. Rc1 c6 19. h3 Bc8 20. f4 exf4
21. exf4 Be7 22. Kf1 Bc5 23. Re2 Rxe2 24. Kxe2 Bb4 25. Be5 Ra8 26. Nxc6 Bxh3
27. Bxh3 bxc6 28. Rd1 Be7 29. a4 f6 30. Bd6 Kf7 31. a5 Nd5 32. cxd5 Bxd6 33.
dxc6 Rd8 34. Rxd6 1-0

[Event "N�-LL 2009/10"]
[Site "?"]
[Date "2009.11.08"]
[Round "5"]
[White "Gugler, Edgar"]
[Black "Weinwurm, Wolfgang"]
[Result "1/2-1/2"]
[WhiteElo "2139"]
[BlackElo "2125"]
[Annotator "Schwarzatal : Amstetten"]
[PlyCount "21"]
[EventDate "2009.11.04"]
[SourceDate "2009.11.09"]

1. d4 Nf6 2. Nf3 g6 3. Nc3 d5 4. Bf4 c5 5. e3 cxd4 6. exd4 Bg7 7. Bb5+ Nc6 8.
Ne5 Qb6 9. O-O O-O 10. a4 Bf5 11. Qd2 1/2-1/2

[Event "N�-LL 2009/10"]
[Site "?"]
[Date "2009.11.08"]
[Round "5"]
[White "Degen, Gerhard"]
[Black "Sandh�fner, Florian"]
[Result "1/2-1/2"]
[WhiteElo "2091"]
[BlackElo "2213"]
[Annotator "Schwarzatal : Amstetten"]
[PlyCount "60"]
[EventDate "2009.11.04"]
[SourceDate "2009.11.09"]

1. e4 c5 2. Nf3 d6 3. Bb5+ Bd7 4. Bxd7+ Qxd7 5. O-O Nf6 6. Re1 Nc6 7. Nc3 g6 8.
d3 Bg7 9. Bf4 O-O 10. Qd2 Rfe8 11. Bg5 a6 12. Bxf6 Bxf6 13. Nd5 Bxb2 14. Rab1
Bg7 15. Nb6 Qc7 16. Nxa8 Rxa8 17. a4 Rb8 18. c3 Qa5 19. Rec1 Qxa4 20. Ra1 Qb3
21. d4 Qb6 22. Rcb1 Qa7 23. d5 Ne5 24. Nxe5 Bxe5 25. Ra3 b5 26. Qa2 Rb6 27. g3
b4 28. cxb4 cxb4 29. Ra4 Qb7 30. Rb3 Bc3 1/2-1/2

[Event "N�-LL 2009/10"]
[Site "?"]
[Date "2009.11.22"]
[Round "5"]
[White "Kostic, Vladimir"]
[Black "Neumeier, Klaus"]
[Result "1-0"]
[WhiteElo "2388"]
[BlackElo "2327"]
[Annotator "Mauerbach : P�chlarn"]
[PlyCount "63"]
[EventDate "2009.11.22"]
[SourceDate "2009.11.22"]

1. e4 c5 2. Nf3 Nc6 3. Bb5 g6 4. Bxc6 dxc6 5. h3 Bg7 6. d3 b6 7. O-O Nf6 8. Nc3
Nd7 9. Nh2 e5 10. f4 exf4 11. Bxf4 Ne5 12. Qd2 h6 13. Kh1 Be6 14. Qe3 g5 15.
Bg3 Qd7 16. Ne2 O-O-O 17. a4 a5 18. b4 axb4 19. a5 Qa7 20. axb6 Qxb6 21. Rab1
Qa5 22. Qg1 Nxd3 23. cxd3 Rxd3 24. Nf3 Qb5 25. Qf2 Rhd8 26. Bh2 Ra3 27. Rfc1
Bf8 28. Ned4 cxd4 29. Nxd4 Rxd4 30. Qxd4 Kb7 31. Qd8 Ra8 32. Qc7+ 1-0

[Event "N�-LL 2009/10"]
[Site "?"]
[Date "2009.11.22"]
[Round "5"]
[White "Penz, Harald"]
[Black "Weinzettl, Ernst"]
[Result "1/2-1/2"]
[WhiteElo "2330"]
[BlackElo "2276"]
[Annotator "Mauerbach : P�chlarn"]
[PlyCount "48"]
[EventDate "2009.11.22"]
[SourceDate "2009.11.22"]

1. e4 e6 2. d4 d5 3. Nd2 Be7 4. Bd3 Nc6 5. c3 dxe4 6. Nxe4 e5 7. Ne2 exd4 8.
cxd4 Nf6 9. O-O O-O 10. Nxf6+ Bxf6 11. d5 Nb4 12. Be4 Qe7 13. Ng3 Rd8 14. Qf3
c6 15. Re1 Qf8 16. dxc6 Nxc6 17. Bxc6 bxc6 18. Ne4 Be7 19. Bf4 Be6 20. Be5 Bd5
21. Qg3 f6 22. Bc7 Rd7 23. Nc3 Qf7 24. Bf4 Bb4 1/2-1/2

[Event "N�-LL 2009/10"]
[Site "?"]
[Date "2009.11.22"]
[Round "5"]
[White "Mittermayr, Gerhard"]
[Black "Weissenbeck, Manuel"]
[Result "1-0"]
[WhiteElo "2135"]
[BlackElo "2218"]
[Annotator "Mauerbach : P�chlarn"]
[PlyCount "77"]
[EventDate "2009.11.22"]
[SourceDate "2009.11.22"]

1. e4 c5 2. Nf3 d6 3. d4 cxd4 4. Nxd4 Nf6 5. Nc3 a6 6. Bc4 e6 7. Be3 Be7 8. f3
Nc6 9. Qd2 Bd7 10. g4 Rc8 11. Nxc6 Bxc6 12. Bb3 b5 13. O-O-O Nd7 14. Qf2 Qa5
15. Bd4 b4 16. Ne2 Nc5 17. Kb1 O-O 18. Ng3 Nxb3 19. axb3 Qc7 20. Nh5 e5 21. Bb6
Qb7 22. g5 d5 23. Rhg1 f5 24. gxf6 Bxf6 25. Bc5 Rf7 26. Rd2 dxe4 27. Nxf6+ Rxf6
28. Qh4 Qf7 29. fxe4 Rf1+ 30. Rxf1 Qxf1+ 31. Ka2 Qf6 32. Qg4 Rc7 33. Rf2 h5 34.
Qxh5 Qh6 35. Rf8+ Kh7 36. Qf5+ g6 37. Qxe5 Qg7 38. Qd6 Bxe4 39. Bd4 1-0

[Event "N�-LL 2009/10"]
[Site "?"]
[Date "2009.11.22"]
[Round "5"]
[White "Kende, Richard"]
[Black "Porod, Robert"]
[Result "1-0"]
[WhiteElo "2063"]
[BlackElo "2012"]
[Annotator "Mauerbach : P�chlarn"]
[PlyCount "43"]
[EventDate "2009.11.22"]
[SourceDate "2009.11.22"]

1. d4 Nf6 2. c4 e6 3. Nc3 d5 4. Bg5 c6 5. e3 Nbd7 6. Nf3 a6 7. cxd5 exd5 8. Bd3
Bd6 9. O-O h6 10. Bh4 Qe7 11. e4 g5 12. exd5 O-O 13. Nxg5 hxg5 14. Bxg5 Bxh2+
15. Kxh2 Qd6+ 16. g3 cxd5 17. Kg2 Re8 18. Qf3 b5 19. Rh1 b4 20. Ne2 Bb7 21. Rh6
Kg7 22. Nf4 1-0

[Event "N�-LL 2009/10"]
[Site "?"]
[Date "2009.11.08"]
[Round "4"]
[White "Schroll, Gerhard"]
[Black "Penz, Harald"]
[Result "1-0"]
[WhiteElo "2387"]
[BlackElo "2330"]
[Annotator "Mauerbach : Wr.Neustadt"]
[PlyCount "183"]
[EventDate "2009.??.??"]
[SourceDate "2007.09.29"]

1. d4 d5 2. Nf3 Nf6 3. Bg5 e6 4. e3 Be7 5. c4 O-O 6. Nc3 h6 7. Bh4 b6 8. cxd5
Nxd5 9. Bxe7 Qxe7 10. Nxd5 exd5 11. Be2 Bb7 12. O-O c5 13. b3 Nd7 14. Rc1 Rac8
15. Qd2 Nf6 16. Qb2 Rc7 17. Rc2 Rfc8 18. Rfc1 Ne4 19. dxc5 Rxc5 20. Rxc5 Rxc5
21. Nd4 Qf6 22. Bf3 Ng5 23. Bd1 Ne6 24. Rc2 Ba6 25. Rd2 Ng5 26. b4 Rc7 27. Rc2
Bc4 28. a3 Ne6 29. Rd2 Nxd4 30. Rxd4 Re7 31. Bf3 Re5 32. Qd2 Qf5 33. Qd1 g6 34.
h3 Kg7 35. Rd2 Qe6 36. Qa1 Qf6 37. Rd4 h5 38. Qe1 Qe6 39. Qd2 Qf5 40. Qd1 Qe6
41. h4 Qf5 42. Rf4 Qe6 43. Qa1 Kg8 44. Rd4 Kh7 45. Qc3 Qe7 46. Rf4 Kg8 47. g3
Qe6 48. Bg2 b5 49. Rd4 Qf5 50. Rd1 Kh7 51. Bh3 Qf6 52. Qd4 Qe7 53. Bg2 a6 54.
Qb2 Qe6 55. Rd4 Qe7 56. Kh2 Qe6 57. Rf4 Kg8 58. Qd4 Qe7 59. Qb6 Re6 60. Qb8+
Kg7 61. Rd4 Qf6 62. Kg1 Qf5 63. Rf4 Qe5 64. Qa7 Rf6 65. Qd4 Re6 66. Bh3 Qxd4
67. Rxd4 f5 68. Bg2 Re5 69. Bf3 Kf6 70. Kg2 Ke6 71. Bd1 Re4 72. Bc2 Rxd4 73.
exd4 Be2 74. f3 Kf6 75. Kf2 Bc4 76. Bd1 Ba2 77. Ke3 Bc4 78. Kf4 Ba2 79. Bc2 Bc4
80. g4 fxg4 81. fxg4 hxg4 82. Kxg4 Ba2 83. Kf4 Bc4 84. Bd1 Ba2 85. Bg4 Bc4 86.
Bc8 Bb3 87. Bxa6 Bc4 88. Bb7 Bb3 89. Bc6 Bc4 90. a4 bxa4 91. Bxa4 Ba6 92. Bc6
1-0

[Event "N�-LL 2009/10"]
[Site "?"]
[Date "2009.11.08"]
[Round "4"]
[White "Neumeier, Klaus"]
[Black "Steiner, Adam"]
[Result "1-0"]
[WhiteElo "2327"]
[BlackElo "2154"]
[Annotator "Mauerbach : Wr.Neustadt"]
[PlyCount "45"]
[EventDate "2009.11.08"]
[SourceDate "2009.11.08"]

1. e4 c5 2. Nf3 d6 3. d4 cxd4 4. Nxd4 Nf6 5. Nc3 g6 6. Be3 Bg7 7. f3 Nc6 8. Qd2
O-O 9. Bc4 Bd7 10. Bb3 Rc8 11. O-O-O Ne5 12. Kb1 Re8 13. h4 Nc4 14. Bxc4 Rxc4
15. g4 h5 16. gxh5 Nxh5 17. Rhg1 Kh7 18. Rg5 Bf6 19. Rxh5+ gxh5 20. Qd3 Rxc3
21. bxc3 Qb6+ 22. Nb3 Qa6 23. Qd5 1-0

[Event "N�-LL 2009/10"]
[Site "?"]
[Date "2009.11.08"]
[Round "4"]
[White "Wiedner, Robert"]
[Black "Weissenbeck, Manuel"]
[Result "1/2-1/2"]
[WhiteElo "2177"]
[BlackElo "2218"]
[Annotator "Mauerbach : Wr.Neustadt"]
[PlyCount "53"]
[EventDate "2009.11.08"]
[SourceDate "2009.11.08"]

1. Nf3 Nf6 2. c4 e6 3. b3 c5 4. e3 Nc6 5. Be2 d5 6. d4 cxd4 7. exd4 Bb4+ 8. Bd2
O-O 9. Bxb4 Nxb4 10. O-O b6 11. Ne5 Bb7 12. Bf3 Qe7 13. a3 Nc6 14. Nc3 Rfd8 15.
Nxc6 Bxc6 16. b4 Ne4 17. Qe1 Rac8 18. c5 e5 19. b5 Nxc3 20. bxc6 Ne4 21. cxb6
axb6 22. Bxe4 dxe4 23. dxe5 Qxe5 24. Rc1 Rd6 25. c7 Rd7 26. Qe3 Rdxc7 27. Rxc7
1/2-1/2

[Event "N�-LL 2009/10"]
[Site "?"]
[Date "2009.11.08"]
[Round "4"]
[White "Weiss, Matth�us"]
[Black "Ganauser, Eduard"]
[Result "1-0"]
[WhiteElo "2003"]
[BlackElo "2021"]
[Annotator "Mauerbach : Wr.Neustadt"]
[PlyCount "103"]
[EventDate "2009.11.08"]
[SourceDate "2009.11.08"]

1. e4 c5 2. Nf3 Nc6 3. d4 cxd4 4. Nxd4 Nf6 5. Nc3 e5 6. Ndb5 d6 7. Bg5 a6 8.
Na3 Be6 9. Nc4 Rc8 10. Ne3 Qa5 11. Bxf6 gxf6 12. Be2 Nd4 13. O-O Rg8 14. Bg4
Be7 15. Ncd5 Nxc2 16. Bxe6 Nxe3 17. fxe3 fxe6 18. Qh5+ Kd8 19. Nxe7 Rg5 20. Qf7
Rc2 21. Nc6+ Kc8 22. Qxb7+ Kxb7 23. Nxa5+ Kb6 24. Rf2 Rxf2 25. Kxf2 Kxa5 26.
Rd1 Rg7 27. Rxd6 Rb7 28. b3 Re7 29. Ke2 Kb5 30. a4+ Kb4 31. Rxa6 Kxb3 32. Kf3
Kc4 33. Rb6 Kc5 34. a5 Re8 35. Rb7 Ra8 36. Rxh7 Kd6 37. Rf7 Rxa5 38. Rxf6 Ra1
39. Kg4 Ke7 40. Rf3 Ra4 41. h4 Rxe4+ 42. Kg5 Ra4 43. h5 e4 44. Rf4 e5 45. Rf5
Ke6 46. h6 Ra8 47. Rf6+ Ke7 48. h7 Rh8 49. Rh6 Kf7 50. Kf5 Kg7 51. Rh3 Rf8+ 52.
Kxe4 1-0

[Event "N�-LL 2009/10"]
[Site "?"]
[Date "2009.11.08"]
[Round "4"]
[White "Gr�tz, Harald"]
[Black "Weiss, Christian"]
[Result "0-1"]
[WhiteElo "2337"]
[BlackElo "2393"]
[Annotator "P�chlarn-Stockerau"]
[PlyCount "102"]
[EventDate "2009.??.??"]
[SourceDate "2009.10.04"]

1. e4 c6 2. d4 d5 3. exd5 cxd5 4. Bd3 Nf6 5. c3 g6 6. Bf4 Nc6 7. Nf3 Bg7 8. O-O
O-O 9. h3 Bf5 10. Bxf5 gxf5 11. Ne5 e6 12. Nd2 Nxe5 13. Bxe5 Kh8 14. Re1 Rg8
15. Kh1 Ne4 16. Nxe4 fxe4 17. Qh5 Bxe5 18. Qxe5+ Rg7 19. Re3 Qg5 20. Qxg5 Rxg5
21. f4 Rg7 22. g3 f5 23. a4 Rag8 24. Kh2 h5 25. h4 Rc7 26. Ra3 Kg7 27. Kg2 Kf6
28. b4 a5 29. b5 b6 30. Kf2 e5 31. dxe5+ Ke6 32. Ke1 Rgc8 33. Ke2 d4 34. cxd4
Rc2+ 35. Kf1 Kd5 36. Re2 R8c4 37. Ra2 R2c3 38. Rg2 Rf3+ 39. Ke1 Rc1+ 40. Kd2
Rc4 41. Ke1 Re3+ 42. Kd1 Rd3+ 43. Rgd2 Rxg3 44. Rac2 e3 45. Rg2 Rxd4+ 46. Ke1
Rxg2 47. Rxg2 Rxf4 48. e6 Kxe6 49. Rg6+ Kd5 50. Ke2 Rxa4 51. Rxb6 f4 0-1

[Event "N�-LL 2009/10"]
[Site "?"]
[Date "2009.11.08"]
[Round "4"]
[White "Mittermayr, Gerhard"]
[Black "Schmid, Thomas"]
[Result "1/2-1/2"]
[WhiteElo "2135"]
[BlackElo "2196"]
[Annotator "P�chlarn-Stockerau"]
[PlyCount "100"]
[EventDate "2009.??.??"]
[SourceDate "2009.10.04"]

1. e4 c5 2. Nf3 d6 3. d4 cxd4 4. Nxd4 Nf6 5. Nc3 a6 6. Be3 e6 7. Be2 Be7 8. O-O
O-O 9. f4 Nc6 10. Bf3 Qc7 11. Nb3 b5 12. g4 b4 13. Na4 Nd7 14. Qd2 Rb8 15. g5
Rd8 16. Qf2 Na5 17. Nxa5 Qxa5 18. b3 Bb7 19. Nb2 Bc6 20. Nc4 Qc7 21. Rad1 Bb5
22. Be2 Qc6 23. Qf3 Nc5 24. Na5 Qc7 25. Bxb5 axb5 26. f5 Bf8 27. fxe6 fxe6 28.
g6 hxg6 29. Nc6 Rdc8 30. Nxb8 Rxb8 31. Rd2 Qe7 32. Bxc5 dxc5 33. Rfd1 Qg5+ 34.
Kh1 Be7 35. Rg2 Qe5 36. Rd7 Rf8 37. Qe2 Bf6 38. Rb7 Rd8 39. Rxb5 Qa1+ 40. Rg1
Qc3 41. Qg4 Qe5 42. Ra5 g5 43. Ra6 Kf7 44. Rc1 Rh8 45. Qe2 Rh4 46. Qg2 g4 47.
Rg1 g3 48. Ra7+ Kg8 49. Ra8+ Kf7 50. Ra7+ Kg8 1/2-1/2

[Event "N�-LL 2009/10"]
[Site "?"]
[Date "2009.11.08"]
[Round "4"]
[White "Knoll, Hermann"]
[Black "Batyte, Daiva"]
[Result "1-0"]
[WhiteElo "2406"]
[BlackElo "2128"]
[Annotator "P�chlarn-Stockerau"]
[PlyCount "63"]
[EventDate "2009.??.??"]
[SourceDate "2009.10.04"]

1. d4 Nf6 2. Nf3 e6 3. c4 Bb4+ 4. Nc3 Ne4 5. Qc2 d5 6. g3 Nd7 7. Bg2 O-O 8. O-O
Bxc3 9. bxc3 b6 10. cxd5 exd5 11. c4 Bb7 12. Bf4 c6 13. a4 Ba6 14. cxd5 cxd5
15. Rac1 Re8 16. Rfe1 Rc8 17. Qb2 Rc4 18. Rxc4 dxc4 19. Ne5 Nxe5 20. Bxe4 f6
21. Bxe5 fxe5 22. dxe5 Qc7 23. f4 Qc5+ 24. e3 c3 25. Qb3+ Kh8 26. Qf7 Rd8 27.
Qf5 Kg8 28. Qxh7+ Kf7 29. Bg6+ Ke6 30. Qxg7 Rf8 31. Be4 b5 32. f5+ 1-0

[Event "N�-LL 2009/10"]
[Site "?"]
[Date "2009.11.08"]
[Round "4"]
[White "Schirmbeck, Hannes"]
[Black "Steinm�ller, G�nther"]
[Result "1/2-1/2"]
[WhiteElo "2177"]
[BlackElo "2100"]
[Annotator "P�chlarn-Stockerau"]
[PlyCount "21"]
[EventDate "2009.??.??"]
[SourceDate "2009.10.04"]

1. e4 e5 2. Nf3 Nc6 3. Bc4 Bc5 4. O-O Nf6 5. d3 d6 6. c3 a6 7. b4 Ba7 8. Bg5 h6
9. Bh4 Be6 10. Nbd2 O-O 11. Re1 1/2-1/2

[Event "N�-LL 2009/10"]
[Site "?"]
[Date "2009.11.08"]
[Round "4"]
[White "P�tz, Florian"]
[Black "Hellmayr, Alois"]
[Result "1/2-1/2"]
[WhiteElo "2333"]
[BlackElo "2283"]
[Annotator "B�hlerwerk :  Niederabsdorf"]
[PlyCount "45"]
[EventDate "2009.11.04"]
[SourceDate "2009.11.26"]

1. e4 c5 2. Nf3 e6 3. d4 cxd4 4. Nxd4 a6 5. Nc3 Qc7 6. Bd3 Nc6 7. Nxc6 bxc6 8.
O-O Nf6 9. Qe2 d5 10. Bg5 Bb7 11. Rfe1 Bb4 12. e5 Nd7 13. a3 Bf8 14. Na4 c5 15.
c4 d4 16. Be4 Rb8 17. Bxb7 Qxb7 18. b4 cxb4 19. axb4 Bxb4 20. Red1 h6 21. Bf4
Nc5 22. Qa2 O-O 23. Nxc5 1/2-1/2

[Event "N�-LL 2009/10"]
[Site "?"]
[Date "2009.11.08"]
[Round "4"]
[White "Kranzl, Peter"]
[Black "Kleiser, Gregor"]
[Result "0-1"]
[WhiteElo "2264"]
[BlackElo "2248"]
[Annotator "B�hlerwerk :  Niederabsdorf"]
[PlyCount "90"]
[EventDate "2009.11.04"]
[SourceDate "2009.11.26"]

1. e4 c5 2. c3 d5 3. exd5 Qxd5 4. d4 Nf6 5. Nf3 e6 6. Bd3 Be7 7. O-O O-O 8. Qe2
cxd4 9. cxd4 Bd7 10. Nc3 Qa5 11. Bf4 Bc6 12. Ne5 Nd5 13. Bd2 Qb6 14. Nxc6 Nxc6
15. Nxd5 exd5 16. Bc3 g6 17. Qf3 Rad8 18. Rfe1 Bb4 19. Qf4 Rfe8 20. h4 Qa5 21.
Rec1 Re6 22. h5 Rde8 23. a3 Bxc3 24. bxc3 Qd8 25. Rcb1 Na5 26. g3 b5 27. Kg2
Rf6 28. Qh4 Rc6 29. Bxb5 g5 30. Qh1 Rce6 31. Bxe8 Qxe8 32. Re1 Re4 33. Rxe4
dxe4 34. Qh3 h6 35. Re1 Nc4 36. Qf5 Nd2 37. Re3 Qc6 38. Kh3 Qc4 39. Kg4 Qb3 40.
f3 Qc2 41. d5 Qd1 42. Rxe4 Nxf3 43. Qc8+ Kg7 44. Re8 Nd4+ 45. Kh3 Qf1+ 0-1

[Event "N�-LL 2009/10"]
[Site "?"]
[Date "2009.11.08"]
[Round "4"]
[White "Schwarhofer, Christopher"]
[Black "Ebner, Johann"]
[Result "1-0"]
[WhiteElo "2230"]
[BlackElo "2043"]
[Annotator "B�hlerwerk :  Niederabsdorf"]
[PlyCount "39"]
[EventDate "2009.11.04"]
[SourceDate "2009.11.26"]

1. e4 e6 2. d4 d5 3. Nc3 Nf6 4. e5 Nfd7 5. f4 c5 6. Nf3 Nc6 7. Be3 a6 8. Qd2 b5
9. Qf2 Qb6 10. Be2 cxd4 11. Nxd4 Bc5 12. Rd1 Bb7 13. O-O O-O 14. Bg4 g6 15.
Nxd5 exd5 16. Bxd7 Nxd4 17. Bxd4 Bxd4 18. Qxd4 Qc7 19. e6 Qd6 20. f5 1-0

[Event "N�-LL 2009/10"]
[Site "?"]
[Date "2009.11.08"]
[Round "4"]
[White "Strobel, Ferdinand"]
[Black "Hansen, Kay"]
[Result "1/2-1/2"]
[WhiteElo "2042"]
[BlackElo "2235"]
[Annotator "B�hlerwerk :  Niederabsdorf"]
[PlyCount "81"]
[EventDate "2009.11.04"]
[SourceDate "2009.11.26"]

1. f4 d5 2. Nf3 c5 3. g3 Nc6 4. Bg2 Nf6 5. d3 e6 6. O-O Be7 7. a4 O-O 8. Na3 b6
9. e4 dxe4 10. dxe4 Bb7 11. e5 Nd5 12. Qe2 a6 13. Bd2 Qc7 14. Bc3 Rad8 15. Rfd1
Nxc3 16. bxc3 Na5 17. Nc4 Nxc4 18. Qxc4 Rd7 19. Rd3 Bd5 20. Qxa6 Ra8 21. Qb5
Ra5 22. Qb2 Qc6 23. c4 Bxc4 24. Rxd7 Qxd7 25. Qxb6 Rxa4 26. Qb8+ Bf8 27. Rxa4
Qxa4 28. Qb2 Qd7 29. Qc3 Qb5 30. h4 Bd5 31. Kh2 h6 32. Qd2 Qc6 33. Ne1 c4 34.
Bxd5 exd5 35. c3 Be7 36. Nf3 Qb7 37. f5 Qb1 38. Qxd5 Qxf5 39. Kg2 Qc2+ 40. Qd2
Qe4 41. Qd4 1/2-1/2

[Event "N�-LL 2009/10"]
[Site "?"]
[Date "2009.11.08"]
[Round "4"]
[White "Mahdy, Khaled"]
[Black "Trkulja, Zoran"]
[Result "1/2-1/2"]
[WhiteElo "2376"]
[BlackElo "2184"]
[Annotator "Bisamberg/Korneuburg : Krems"]
[PlyCount "27"]
[EventDate "2009.11.04"]
[SourceDate "2009.11.26"]

1. e4 e6 2. d4 d5 3. Nd2 a6 4. Ngf3 Nf6 5. Bd3 c5 6. exd5 exd5 7. O-O c4 8.
Re1+ Be7 9. Bf1 O-O 10. g3 Nc6 11. Bg2 Bg4 12. Nf1 Ne4 13. Ne3 f5 14. c3
1/2-1/2